000
00324nam a2200133Ia 4500
008
191201s2013 xx 000 0 und d
082
_a
004
_b
SIC
100
_a
SINHA ,Pardeep Kumar
245
0
_a
Computer Fundamentals
250
_a
Rep
260
_c
2013
_b
BPB PUBLICATIOM
_a
NEW DELHI
300
_a
490
942
_2
ddc
_c
BK
_0
105
999
_c
8127
_d
8127